Culture Générale - Série 653 - Statistiques

Statistiques générales
  • Ce quiz a été pris 149 fois
  • Le résultat moyen est 6 sur 10
Statistiques - réponses
Question Réponse % Correct
D'après l'expression, dans quoi roule-t-on quelqu'un quand on le trompe ? La farine
96%
Quelle est la nationalité de la chanteuse Maurane ? belge
93%
Quel mot, venant du latin et signifiant "plus jeune", est abrégé "Jr." après un nom de famille anglo-saxon ? Junior
93%
Complétez ce titre d'une pièce de William Shakespeare : "Le Songe d'une nuit... d'été
83%
Hormis le carré, quelle figure géométrique est un parallélogramme dont tous les côtés sont égaux ? losange
82%
Dans quel film de Brian De Palma, sorti en France en 1984, Al Pacino incarne-t-il le gangster Tony Montana ? Scarface
51%
De quelle chanson des Beatles est extraite la phrase : "All my troubles seemed so far away" ? Yesterday
51%
De quel pays Papa Doc fut-il président de la République, de 1954 à 1971 ? Haïti
47%
Quel poème épique de Dante se compose de 3 parties : "L'Enfer" , "Le Purgatoire" et "Le Paradis" ? La Divine Comédie
29%
Quel animal est le seul représentant actuel, de l'ordre de mammifères terrestres appelé : "proboscidiens" ? éléphant
22%
Aucun quiz correspondant
Distribution des résultats
% des personnes avec chaque résultat
Percentile par nombre de réponses
Votre historique - résultats
Vous n’avez pas pris ce quiz